000 00363nam a2200133Ia 4500
008 230312s9999||||xx |||||||||||||| ||und||
082 _a891.4
_bQUR-S
100 _aقراش علی
245 0 _aشانِ مصطفٰی صلی اللہ علیہ وسلم
260 _bمکتبہ قادریہ لاہور
_apak
300 _a112
650 _aLiterature
942 _cBK
999 _c15069
_d15069